| 000 | 00827nam\a2200253\a\4500 | ||
|---|---|---|---|
| 001 | 57758 | ||
| 005 | 20260412104745.0 | ||
| 008 | 260412s1982 maua b 001 0 eng | ||
| 020 | _a9789401174169 | ||
| 040 |
_aDLC _cDLC _dBD-DhIUB |
||
| 082 | 0 | 0 |
_a658.301 _223 _bV587t |
| 100 | 1 | _aVerhoeven, C. J. | |
| 245 | 1 | 0 |
_aTechniques in corporate manpower planning : _bmethods and applications / _cC.J. Verhoeven. |
| 260 |
_aBoston : _bKluwer-Nijhoff, _cc1982. |
||
| 300 |
_axii, 186 p. : _bill. ; _c24 cm. |
||
| 440 | 0 | _aInternational series in management science/operations research | |
| 500 | _aIncludes index. | ||
| 504 | _aBibliography: p. 179-184. | ||
| 526 |
_aSBE _bhrm _lREF |
||
| 541 | _aRisaam | ||
| 650 | 0 | _aManpower planning. | |
| 942 |
_2ddc _cBK |
||
| 999 |
_c57758 _d57932 |
||